What Americans build and why : psychological perspectives /

Bibliographic Details
Main Author: Devlin, Ann Sloan, 1948-
Format: Book
Language:English
Published: Cambridge ; New York : Cambridge University Press, 2010.
Subjects:

MARC

Tag First Indicator Second Indicator Subfields
LEADER 00000cam a2200000 a 4500
001 in00002575193
005 20151201152224.0
008 091201s2010 enka b 001 0 eng
010 |a  2009050319 
015 |a GBB049640  |2 bnb 
016 7 |a 015529583  |2 Uk 
020 |a 9780521516570 (hardback) 
020 |a 0521516579 (hardback) 
020 |a 9780521734356 (pbk.) 
020 |a 0521734355 (pbk.) 
035 |a (OCoLC)ocn473126069 
035 |a (OCoLC)473126069 
040 |a DLC  |c DLC  |d YDXCP  |d ERASA  |d UKM  |d C#P  |d BWX  |d UtOrBLW 
043 |a n-us--- 
049 |a TXAM 
050 0 0 |a NA2543.S6  |b D48 2010 
082 0 0 |a 720.1/030973  |2 22 
100 1 |a Devlin, Ann Sloan,  |d 1948- 
245 1 0 |a What Americans build and why :  |b psychological perspectives /  |c Ann Sloan Devlin. 
264 1 |a Cambridge ;  |a New York :  |b Cambridge University Press,  |c 2010. 
300 |a xiv, 301 pages :  |b illustrations ;  |c 23 cm. 
336 |a text  |b txt  |2 rdacontent 
337 |a unmediated  |b n  |2 rdamedia 
338 |a volume  |b nc  |2 rdacarrier 
504 |a Includes bibliographical references and index. 
505 0 |a The landscape of housing : suburbia, new urbanism, and McMansions -- The landscape of health care : high tech and humanistic -- The landscape of schools : big schools, small schools -- The landscape of work : visible or virtual? -- The landscape of retail : big box and Main Street. 
650 0 |a Architecture and society  |z United States. 
650 0 |a Space (Architecture)  |z United States  |x Psychological aspects. 
650 0 |a Architecture  |z United States  |x Psychological aspects. 
650 0 |a Architecture  |z United States  |x Human factors. 
938 |a Erasmus Boekhandel  |b ERAA  |n NTS0000110300 
938 |a YBP Library Services  |b YANK  |n 3192818 
938 |a Blackwell Book Service  |b BBUS  |n R9851117  |c $90.00 
945 |a PromptCat  |b 19905 
946 |a stk 
947 |a A14840233941 
994 |a 92  |b TXA 
948 |a Cataloged  |b h  |c 2010/7/8  |d c  |e ibarton 
999 |a MARS 
999 f f |s f599ed44-dfe5-3913-a1c8-1f01627587ad  |i d2615390-652d-3fed-8cc4-f5e043a2754e  |t 0 
952 f f |p ric  |a Texas A&M University  |b Rellis Campus  |c Joint Library Facility  |d Remote Storage  |t 0  |e NA2543.S6 D48 2010  |h Library of Congress classification  |i unmediated -- volume  |m A14840233941 
998 f f |a NA2543.S6 D48 2010  |t 0  |l Remote Storage